000 01328cam a2200289 a 4500
003 EG-GiCUC
005 20250223032126.0
008 181211s1996 ua d f m 000 0 eng d
040 _aEG-GiCUC
_beng
_cEG-GiCUC
041 0 _aeng
049 _aDeposite
097 _aPh.D
099 _aCai01.11.23.Ph.D.1996.Mo.A
100 0 _aMohamed Abdulla Hassan Aly
245 1 0 _aAccelerated hyperfraction versus conventional radlation thepary for operated adenocarcinoma of the rectum /
_cMohamed Abdulla Hassan Aly ; Supervised Shawky I. Elhaddad , Ehasn G. Elghoneimy , Salah Eldin Elmessiedy
246 1 5 _aدراسة مقارنة لنظام العلاج الاشعاعي المتعدد الجلسات يوميا والعلاج الاشعاعي التقليدي لحالات سرطان المستقيم المعالج جراحيا
260 _aCairo :
_bMohamed Abdulla Hassan Aly ,
_c1996
300 _a235 P. :
_bcharts ;
_c25cm
502 _aThesis (Ph.D.) - Cairo University - Faculty of Medicine- Department of Oncology (Radiation)
700 0 _aEhasn G. Elghoneimy ,
_eSupervisor
700 0 _aSalah Eldin Elmessiedy ,
_eSupervisor
700 0 _aShawky I. Elhaddad ,
_eSupervisor
856 _uhttp://172.23.153.220/th.pdf
905 _aNazla
_eRevisor
905 _aShimaa
_eCataloger
942 _2ddc
_cTH
999 _c68831
_d68831